Some notes on early Connecticut architecture / (Record no. 27609)

000 -LEADER
fixed length control field 01691cam a2200313 i 4500
001 - CONTROL NUMBER
control field 1767881
003 - CONTROL NUMBER IDENTIFIER
control field OSt
005 - DATE AND TIME OF LATEST TRANSACTION
control field 20170209114125.0
008 - FIXED-LENGTH DATA ELEMENTS--GENERAL INFORMATION
fixed length control field 761123s1976 ctua 000 0 eng
010 ## - LIBRARY OF CONGRESS CONTROL NUMBER
LC control number 76380369
040 ## - CATALOGING SOURCE
Original cataloging agency DLC
Transcribing agency DLC
Modifying agency DLC
043 ## - GEOGRAPHIC AREA CODE
Geographic area code n-us-ct
050 00 - LIBRARY OF CONGRESS CALL NUMBER
Classification number NA730.C8K38 1976
082 00 - DEWEY DECIMAL CLASSIFICATION NUMBER
Classification number 720/.9746
100 1# - MAIN ENTRY--PERSONAL NAME
Personal name Keith, Elmer D.
Fuller form of name (Elmer Davenport)
Dates associated with a name 1976-
245 10 - TITLE STATEMENT
Title Some notes on early Connecticut architecture /
Statement of responsibility, etc. by Elmer D. Keith & The nomenclature of rooms in the 17th and 18th century Connecticut house / by Frédéric C. Palmer ; edited by Arthur W. Leibundguth.
250 ## - EDITION STATEMENT
Edition statement 2d. ed., rev. and enl.
260 ## - PUBLICATION, DISTRIBUTION, ETC. (IMPRINT)
Place of publication, distribution, etc. Hartford :
Name of publisher, distributor, etc. Antiquarian & Landmarks Society, inc., of Connecticut,
Date of publication, distribution, etc. 1976.
300 ## - PHYSICAL DESCRIPTION
Extent x, 48 p. :
Other physical details ill. ;
Dimensions 23 cm.
500 ## - GENERAL NOTE
General note "Some notes on early Connecticut architecture ... first published in 1938 by the Prospect Press for the Antiquarian & Landmarks Society, Inc., of Connecticut." "The nomenclature of rooms in the 17th and 18th century Connecticut house ... first published in the Connecticut antiquarian, 15 (July, 1963): 18-20."
650 #0 - SUBJECT ADDED ENTRY--TOPICAL TERM
Topical term or geographic name as entry element Architecture, Colonial
Geographic subdivision Connecticut.
650 #0 - SUBJECT ADDED ENTRY--TOPICAL TERM
Topical term or geographic name as entry element Architecture
Geographic subdivision Connecticut
General subdivision History
Chronological subdivision 17th century.
650 #0 - SUBJECT ADDED ENTRY--TOPICAL TERM
Topical term or geographic name as entry element Architecture
General subdivision Connecticut
-- History
Chronological subdivision 18th century.
650 #0 - SUBJECT ADDED ENTRY--TOPICAL TERM
Topical term or geographic name as entry element Architecture
Geographic subdivision Connecticut
General subdivision History
Chronological subdivision 19th century.
650 #0 - SUBJECT ADDED ENTRY--TOPICAL TERM
Topical term or geographic name as entry element Architecture, Domestic
Geographic subdivision Connecticut
General subdivision Terminology.
700 12 - ADDED ENTRY--PERSONAL NAME
Personal name Palmer, Frédéric C.
Title of a work Nomenclature of rooms in the 17th and 18th century Connecticut house.
Date of a work 1976.
906 ## - LOCAL DATA ELEMENT F, LDF (RLIN)
a 7
b cbc
c orignew
d 2
e ncip
f 19
g y-gencatlg
942 ## - ADDED ENTRY ELEMENTS (KOHA)
Source of classification or shelving scheme
Koha item type Hard Covered Materials
Classification part NA730.C8K38 1976
Call number prefix 34877
Holdings
Withdrawn status Lost status Source of classification or shelving scheme Damaged status Not for loan Home library Current library Shelving location Date acquired Source of acquisition Total Checkouts Full call number Barcode Date last seen Price effective from Koha item type
          MACHAKOS UNIVERSITY LIBRARY MACHAKOS UNIVERSITY LIBRARY Open shelf 09/02/2017 Donation(BFA)   NA730.C8K38 1976 34877 09/02/2017 09/02/2017 Hard Covered Materials
© Machakos University Library, Along The Highway, Machakos Wote Rd, Machakos, Kenya P.O. Box 136 - 90100 Machakos - Kenya

Tel: ( +254 ) 723 805829 OR Fax : 044-20353 OR Email: library@mksu.ac.ke